| 000 | 00713nam a2200169Ia 4500 | ||
|---|---|---|---|
| 008 | 090711s9999 xx 000 0 und d | ||
| 082 | _b51511 | ||
| 100 | _aआपटे न. गं. (संपा.) | ||
| 245 | _aमहाराष्ट्र ग्रामकोश मंडळ ग्राम सूSाी | ||
| 260 | _c1985 | ||
| 300 | _a320 | ||
| 600 | _aआपटे न. गं. (संपा.) | ||
| 630 | _aमहाराष्ट्र ग्रामकोश मंडळ ग्राम सूSाी | ||
| 700 | _aआपटे न. गं. (संपा.) | ||
| 730 | _aमहाराष्ट्र ग्रामकोश मंडळ ग्राम सूSाी | ||
| 942 | _cBOOK | ||
| 999 |
_c325263 _d325263 |
||